[Event "Thorigny op 2nd"]
[Site "Thorigny"]
[Date "2006.03.22"]
[Round "2"]
[White "Vitic, Zikica"]
[Black "Tissir, Mohamed"]
[Result "0-1"]
[WhiteElo "2063"]
[BlackElo "2444"]
[PlyCount "52"]
[EventDate "2006.03.22"]
[EventType "swiss"]
[EventRounds "7"]
[EventCountry "FRA"]
[SourceTitle "EXT 2007"]
[Source "ChessBase"]
[SourceDate "2006.11.23"]
[SourceVersion "1"]
[SourceVersionDate "2006.11.23"]
[SourceQuality "1"]

1. c4 Nf6 2. Nc3 g6 3. g3 Bg7 4. Bg2 0-0 5. Nf3 d6 6. 0-0 Nbd7 7. Rb1 e5 8. d3 h6 9. b4 Nh5 10. Nh4 Nf4 11. Bxf4 exf4 12. Qc2 Re8 13. Rfe1 fxg3 14. hxg3 Ne5 15. Nd5 h5 16. d4 Ng4 17. Nxg6 fxg6 18. Qxg6 Re6 19. Qd3 Rh6 20. Nf4 Qf6 21. Rbd1 h4 22. e4 Nxf2 23. Kxf2 hxg3+ 24. Qxg3 Rh4 25. Ke3 Rxf4 26. e5 dxe5 0-1